Colisiones cósmicas (Registro nro. 8294)
[ vista simple ]
| 000 -CABECERA | |
|---|---|
| Longitud fija campo de control | 01741nam a2200277Ia 4500 |
| 005 - • FECHA Y HORA DE LA ÚLTIMA TRANSACCIÓN | |
| Fecha y hora de la última transacción | 20220317001839.0 |
| 008 - • CÓDIGOS DE INFORMACIÓN DE LONGITUD FIJA | |
| Códigos de información de longitud fija | 170410s2014 c g 000 0 s |
| 041 ## - • CÓDIGO DE LENGUA | |
| Código de lengua del texto/banda sonora o título independiente | spa |
| 082 04 - • NÚMERO DE LA CLASIFICACIÓN DECIMAL DEWEY | |
| Número de clasificación (R) | 523.112 |
| Número del ítem | D37c |
| 040 ## - FUENTE DE LA CATALOGACIÓN | |
| Centro catalogador de origen | CO-BoRNBP |
| Lengua de catalogación | spa |
| Normas de descripción | rda |
| Centro transcriptor | CO-BoRNBP |
| 110 2# - • PUNTO DE ACCESO PRINCIPAL-NOMBRE DE ENTIDAD CORPORATIVA | |
| Nombre de entidad corporativa o nombre de jurisdicción como elemento inicial | Discovery Communications |
| 245 10 - • TITULO PROPIAMENTE DICHO | |
| Título | Colisiones cósmicas |
| Resto del título | galaxias = Cosmic collisions |
| -- | galaxies |
| Mención de responsabilidad, etc. | Discovery Communications |
| Medio | videodisco digital |
| 250 ## - • MENCIÓN DE EDICIÓN | |
| Mención de edición | 1a. edición |
| 264 ## - PRODUCCIÓN, PUBLICACIÓN , DISTRIBUCIÓN, FABRICACIÓN Y COPYRIGHT | |
| Lugar de producción, publicación, distribución, fabricación | Bogotá |
| Nombre del productor, editor, distribuidor, fabricante | MS Tv & Videos |
| Fecha de de producción, publicación, distribución, fabricación o copyright | 2014 |
| 300 ## - • DESCRIPCIÓN FÍSICA | |
| Extensión | 1 DVD (45 minutos) |
| Otras características físicas | sonido, color, digital |
| Dimensiones | 12 cm |
| 336 ## - TIPO DE CONTENIDO | |
| Término de tipo de contenido | texto |
| Código de tipo de contenido | txt |
| Fuente | rdacontent |
| 337 ## - TIPO DE MEDIO | |
| Nombre del tipo de medio | sin mediación |
| Código del tipo de medio | n |
| Fuente | rdamedia |
| 338 ## - TIPO DE SOPORTE | |
| Nombre del tipo de soporte | volumen |
| Código del tipo de soporte | nc |
| Fuente | rdacarrier |
| 490 ## - • MENCIÓN DE SERIE | |
| Mención de serie | Discovery en la escuela |
| 520 ## - • NOTA DE RESUMEN | |
| Resumen, etc, | La gravedad es la fuerza que lo mueve todo y nuestro universo permanece en constante movimiento gracias a ella, generando que las colisiones cósmicas sean una realidad que no podemos desconocer... las galaxias chocan entre sí, las estrellas chocan con la violencia de varias bombas nucleares dando lugar a la creación de nuevos planetas, asteroides y hoyos negros, pero estas explosiones pueden ser mortales y el riesgo es latente para el mundo como lo conocemos, incluso nuestra propia galaxia marcha hacia un enfrentamiento con su vecino galáctico más cercano: Andrómeda. Galaxias colisiones cósmicas es un viaje a través del espacio reconociendo que las batallas cósmicas entre los cuerpos celestes pueden llevarnos a un cataclismo de proporciones hasta ahora desconocidas por el ser humano |
| 534 ## - • Nota De Versión Original | |
| Título | Cosmic collisions: galaxies |
| 650 14 - • PUNTO DE ACCESO ADICIONAL DE MATERIA - TÉRMINO DE MATERIA | |
| Fuente del encabezamiento o término | LEMB |
| Término de materia o nombre geográfico como elemento inicial | Galaxias |
| Subdivisión de forma | Videodiscos |
| 650 14 - • PUNTO DE ACCESO ADICIONAL DE MATERIA - TÉRMINO DE MATERIA | |
| Fuente del encabezamiento o término | LEMB |
| Término de materia o nombre geográfico como elemento inicial | Vía láctea |
| Subdivisión de forma | Videodiscos |
| 650 14 - • PUNTO DE ACCESO ADICIONAL DE MATERIA - TÉRMINO DE MATERIA | |
| Fuente del encabezamiento o término | LEMB |
| Término de materia o nombre geográfico como elemento inicial | Colisiones espaciales |
| Subdivisión de forma | Videodiscos |
| 942 ## - ENTRADA DE ELEMENTOS AGREGADOS (KOHA) | |
| Fuente de clasificaión o esquema | Dewey Decimal Classification |
| Koha [por defecto] tipo de item | DVD |
No hay ítems disponibles.